000 00812nab a2200241 u 4500
001 15003
003 HDC
007 cr bn ---aaaaa
008 210217c xx dr|noo 0 a eng d
040 _aHDC
245 0 _aGovernment to expand halal food exports to Middle East
260 _a[No place] :
_b[publisher not identified],
_c[no date]
336 _atext
_2rdacontent
337 _acomputer
_2rdamedia
338 _aonline resource
_2rdacarrier
650 _aExports
_91048
650 _aHalal food industry
_9128
710 _aNational News Bureau of Thailand
856 _zRequest full-text at [email protected]
942 _2lcc
942 _cNEWS
942 _kNWSO 004166
999 _c12319
_d12319